000 00962nam0a22002771 4500
001 rc\2281635
005 20110829191644.8
035 _a(NLR Aleph) 006560878
090 _a6842064
_c6842064
100 _a20110829d1977 |||y0rusy50 ca
101 0 _arus
102 _aRU
105 _ay z |||||
200 1 _aИзучение и оценка развития учащихся в профтехучилищах
_fИ.С. Хазова
210 _aМосква
_cВысш. школа
_d1977
215 _a88 с.
_d20
606 _aУчебно-воспитательная работа в профессионально-технических училищах
_2psbo
686 _aч461.6(2)3
_2rubbk
700 1 _aХазова
_bИ. С.
_gИрина Сергеевна
801 0 _aRU
_bNLR
_gpsbo
801 1 _aRU
_bELAR
_2rusmarc
852 _aNLR
_j77-4/6451
899 _aRuMoRGB
_jБ 77-23/701
899 _aRuMoRGB
_jБ 77-23/702
942 _cBOOK
980 _aNB